[Event "Titled Tuesday intern op 12th Mar Late"]
[Site "Chess.com INT"]
[Date "2024.03.12"]
[Round "8"]
[White "Goryachkina, Aleksandra"]
[Black "Caceres Benitez, Arturo Eduardo"]
[Result "1-0"]
[WhiteElo "2553"]
[BlackElo "2188"]
[PlyCount "111"]
[EventDate "2024.03.12"]
[EventType "swiss (blitz)"]
[EventRounds "11"]
[EventCountry "USA"]
[SourceTitle "CB12_2024"]
[SourceDate "2023.10.01"]
[SourceVersion "1"]
[SourceVersionDate "2023.10.01"]
[SourceQuality "1"]

1. e4 c5 2. Nf3 Nc6 3. d4 cxd4 4. Nxd4 Nf6 5. Nc3 d6 6. Bg5 e6 7. Qd2 a6 8. 0-0-0 Bd7 9. f4 Be7 10. Kb1 Rc8 11. g4 b5 12. Bg2 h6 13. Bh4 Nxd4 14. Qxd4 Rc4 15. Qd2 Nxg4 16. Bxe7 Qxe7 17. Bf3 Nf6 18. Rhg1 g6 19. e5 dxe5 20. fxe5 Nh7 21. Ne4 Ng5 22. Nf6+ Kf8 23. Nxd7+ Kg7 24. Be2 Rh4 25. Nf6 Rxh2 26. Qe3 Rd8 27. a3 Rh3 28. Qf4 Rc8 29. Bd3 Rf3 30. Qg4 Rb8 31. Rh1 b4 32. Qh4 Rh8 33. axb4 Rxf6 34. exf6+ Qxf6 35. Qc4 Rb8 36. Rhf1 Qe5 37. Qc3 Qxc3 38. bxc3 a5 39. b5 e5 40. c4 e4 41. Be2 f5 42. c5 Kf6 43. c6 Ke5 44. c7 Rf8 45. b6 Ne6 46. Rd7 Nc5 47. Rd8 Rf6 48. c8Q Rxb6+ 49. Kc1 Ne6 50. Re8 f4 51. Rxe6+ Rxe6 52. Qc5+ Kf6 53. Rxf4+ Kg7 54. Qc7+ Kg8 55. Qf7+ Kh8 56. Qf8+ 1-0

[Event "Titled Tuesday intern op 27th Feb Late"]
[Site "Chess.com INT"]
[Date "2024.02.27"]
[Round "3"]
[White "Barria Zuniga, Daniel"]
[Black "Caceres Benitez, Arturo Eduardo"]
[Result "1-0"]
[WhiteElo "2341"]
[BlackElo "2159"]
[PlyCount "81"]
[EventDate "2024.02.27"]
[EventType "swiss (blitz)"]
[EventRounds "11"]
[EventCountry "USA"]
[SourceTitle "CB10_2024"]
[SourceDate "2024.03.06"]
[SourceVersion "1"]
[SourceVersionDate "2024.03.06"]
[SourceQuality "1"]

1. d4 b6 2. e4 Bb7 3. Bd3 e6 4. Nf3 d5 5. e5 c5 6. c3 Qd7 7. Qe2 a5 8. 0-0 Ba6 9. c4 Nc6 10. a3 Nh6 11. Bxh6 gxh6 12. cxd5 Bxd3 13. Qxd3 exd5 14. Nc3 c4 15. Qe3 Rg8 16. Nd2 Rg4 17. Nf3 0-0-0 18. h3 Rg8 19. Kh1 Kb7 20. b3 cxb3 21. Rfb1 a4 22. Nxa4 Na5 23. Nc3 Nc4 24. Qe2 b2 25. Ra2 Bxa3 26. Nd2 Nxd2 27. Qxd2 Ra8 28. Qc2 Rgc8 29. Qb3 Qc6 30. Nxd5 Qc1+ 31. Kh2 Rc6 32. Ne3 Qxb1 33. Qxf7+ Rc7 34. Qd5+ Kb8 35. Qd8+ Kb7 36. Qd5+ Rc6 37. Qd7+ Kb8 38. Qd8+ Ka7 39. Rxa3+ Kb7 40. Qxa8+ Kc7 41. Ra7# 1-0

[Event "Titled Tuesday intern op 27th Feb Late"]
[Site "Chess.com INT"]
[Date "2024.02.27"]
[Round "8"]
[White "Caceres Benitez, Arturo Eduardo"]
[Black "Floresvillar Gonzalez, Luis Miguel"]
[Result "1-0"]
[WhiteElo "2159"]
[BlackElo "2019"]
[PlyCount "101"]
[EventDate "2024.02.27"]
[EventType "swiss (blitz)"]
[EventRounds "11"]
[EventCountry "USA"]
[SourceTitle "CB10_2024"]
[SourceDate "2024.03.06"]
[SourceVersion "1"]
[SourceVersionDate "2024.03.06"]
[SourceQuality "1"]

1. b3 c6 2. Bb2 d5 3. Nf3 Bg4 4. Ne5 h5 5. d3 Nf6 6. Nd2 Nbd7 7. h3 Bf5 8. e3 Nxe5 9. Bxe5 e6 10. Bb2 Bb4 11. a3 Ba5 12. b4 Bc7 13. Qe2 a5 14. e4 dxe4 15. dxe4 Bg6 16. g3 axb4 17. axb4 Rxa1+ 18. Bxa1 0-0 19. Bg2 h4 20. g4 Qe7 21. Bc3 Ra8 22. 0-0 Ra3 23. Nb1 Rxc3 24. Nxc3 Qxb4 25. Qd3 Nd5 26. Nxd5 cxd5 27. c3 Qd6 28. f4 Qc5+ 29. Kh1 Bxe4 30. Bxe4 dxe4 31. Qxe4 Qxc3 32. Qg2 Qe3 33. Qf3 Qd2 34. Qxb7 Bxf4 35. Qa8+ Kh7 36. Qe4+ f5 37. Qxf4 Qd5+ 38. Qf3 Qd2 39. gxf5 exf5 40. Qxf5+ Kg8 41. Qf7+ Kh7 42. Qf5+ Kg8 43. Qf3 Qd6 44. Qg2 Qd3 45. Rg1 Qc3 46. Qd5+ Kh8 47. Qd8+ Kh7 48. Qxh4+ Kg8 49. Qg3 Qc6+ 50. Kh2 Qc2+ 51. Rg2 1-0

[Event "Titled Tuesday intern op 27th Feb Late"]
[Site "Chess.com INT"]
[Date "2024.02.27"]
[Round "4"]
[White "Caceres Benitez, Arturo Eduardo"]
[Black "Ghosh, Chanchal Kumer"]
[Result "1-0"]
[WhiteElo "2159"]
[BlackElo "2026"]
[PlyCount "97"]
[EventDate "2024.02.27"]
[EventType "swiss (blitz)"]
[EventRounds "11"]
[EventCountry "USA"]
[SourceTitle "CB10_2024"]
[SourceDate "2024.03.06"]
[SourceVersion "1"]
[SourceVersionDate "2024.03.06"]
[SourceQuality "1"]

1. b3 d5 2. Bb2 c5 3. Nf3 Nc6 4. e3 Bg4 5. Bb5 Qc7 6. d3 e6 7. 0-0 Nf6 8. Nbd2 Bd6 9. h3 Bh5 10. Re1 e5 11. e4 d4 12. g4 Nxg4 13. hxg4 Bxg4 14. Kg2 h5 15. Rh1 Rh6 16. Qe1 Rf6 17. Nh2 Qd7 18. Bxc6 bxc6 19. Nxg4 Qxg4+ 20. Kf1 Rg6 21. Nc4 Bc7 22. Ba3 Kd7 23. Bxc5 h4 24. Qd1 Qg2+ 25. Ke2 Rg3 26. Qf1 Qf3+ 27. Ke1 Rg4 28. Rh3 Qf4 29. Bb4 Rh8 30. Bd2 Qf6 31. Ke2 Qg6 32. Qh1 Rh5 33. Qf3 f5 34. exf5 Rxf5 35. Qh1 Rg2 36. Rf1 Qg4+ 37. Ke1 e4 38. Rxh4 Qf3 39. Rxe4 Bg3 40. fxg3 Qxg3+ 41. Kd1 Rxf1+ 42. Qxf1 Rg1 43. Qxg1 Qxg1+ 44. Be1 Qg2 45. Re2 Qh3 46. Ne5+ Kc7 47. Nc4 Kd8 48. Ba5+ Kd7 49. Ne5+ 1-0

[Event "Titled Tuesday intern op 27th Feb Late"]
[Site "Chess.com INT"]
[Date "2024.02.27"]
[Round "9"]
[White "Rohwer, Paul"]
[Black "Caceres Benitez, Arturo Eduardo"]
[Result "0-1"]
[WhiteElo "2225"]
[BlackElo "2159"]
[PlyCount "74"]
[EventDate "2024.02.27"]
[EventType "swiss (blitz)"]
[EventRounds "11"]
[EventCountry "USA"]
[SourceTitle "CB10_2024"]
[SourceDate "2024.03.06"]
[SourceVersion "1"]
[SourceVersionDate "2024.03.06"]
[SourceQuality "1"]

1. e4 b6 2. d4 Bb7 3. Bd3 e6 4. Nf3 d5 5. e5 Ba6 6. 0-0 Bxd3 7. Qxd3 Ne7 8. Bg5 h6 9. Bh4 Qc8 10. g4 Qa6 11. Qe3 Ng6 12. Bg3 h5 13. gxh5 Rxh5 14. b3 Be7 15. c4 dxc4 16. bxc4 Qxc4 17. Rc1 Qd5 18. Nc3 Qd7 19. Qe4 c6 20. a4 Na6 21. a5 bxa5 22. Rxa5 Nc7 23. Na4 Nd5 24. Ra6 Rc8 25. Nc5 Bxc5 26. Rxc5 Nge7 27. Qb1 Nf5 28. Qc1 Nde7 29. Qa3 Rc7 30. Qa4 g5 31. Nd2 Rh6 32. Ne4 Kf8 33. Nf6 Qxd4 34. Qa5 Rb7 35. Rc1 Kg7 36. Qa4 Qxa4 37. Rxa4 Nd5 0-1

[Event "Titled Tuesday intern op 06th Feb Early"]
[Site "Chess.com INT"]
[Date "2024.02.06"]
[Round "8"]
[White "Goganova, Yana"]
[Black "Caceres Benitez, Arturo Eduardo"]
[Result "1-0"]
[WhiteElo "1966"]
[BlackElo "2159"]
[PlyCount "65"]
[EventDate "2024.02.06"]
[EventType "swiss (blitz)"]
[EventRounds "11"]
[EventCountry "USA"]
[SourceTitle "CB07_2024"]
[SourceDate "2024.02.14"]
[SourceVersion "1"]
[SourceVersionDate "2024.02.14"]
[SourceQuality "1"]

1. e4 a6 2. d4 b5 3. a4 Bb7 4. Bd3 Nf6 5. Nd2 b4 6. Ngf3 e6 7. 0-0 c5 8. c4 bxc3 9. bxc3 d5 10. exd5 Nxd5 11. Bb2 cxd4 12. cxd4 Be7 13. Nc4 0-0 14. Nce5 Nd7 15. Nxd7 Qxd7 16. Ne5 Qd8 17. Qh5 g6 18. Qd1 Nf4 19. Ba3 Bxg2 20. Re1 Bd5 21. Be4 Bxa3 22. Rxa3 Qe7 23. Rg3 Bxe4 24. Rxe4 Nh5 25. Qxh5 Rab8 26. Rh4 Rb1+ 27. Kg2 Qxh4 28. Qxh4 Rb4 29. Qf6 Rxa4 30. Ng4 h5 31. Nh6+ Kh7 32. Nxf7 Ra5 33. Qxg6# 1-0

[Event "Titled Tuesday intern op 06th Feb Early"]
[Site "Chess.com INT"]
[Date "2024.02.06"]
[Round "2"]
[White "Radil, Casper"]
[Black "Caceres Benitez, Arturo Eduardo"]
[Result "0-1"]
[WhiteElo "2240"]
[BlackElo "2159"]
[PlyCount "92"]
[EventDate "2024.02.06"]
[EventType "swiss (blitz)"]
[EventRounds "11"]
[EventCountry "USA"]
[SourceTitle "CB07_2024"]
[SourceDate "2024.02.14"]
[SourceVersion "1"]
[SourceVersionDate "2024.02.14"]
[SourceQuality "1"]

1. e4 c5 2. c3 b6 3. d4 cxd4 4. cxd4 Bb7 5. Bd3 d5 6. e5 Qd7 7. Nf3 Ba6 8. 0-0 e6 9. Nc3 Bxd3 10. Qxd3 Ne7 11. a4 Nbc6 12. Nb5 Ng6 13. h4 h5 14. Bg5 a6 15. Nc3 Bb4 16. Ne1 Na5 17. Nc2 Be7 18. f4 Nxh4 19. Bxh4 Bxh4 20. f5 Be7 21. Rf3 exf5 22. Rxf5 g6 23. e6 fxe6 24. Re5 Kf7 25. Rf1+ Kg7 26. Qh3 Rhf8 27. Rfe1 Rf5 28. Rxe6 Bf6 29. Qg3 Rf8 30. Rd6 Qc7 31. Re3 Nc4 32. Nxd5 Qxd6 33. Re5 Bxe5 34. dxe5 Qxd5 35. e6 Qxe6 36. Nd4 Rf1+ 37. Kh2 Qe5 38. Qxe5+ Nxe5 39. Ne6+ Kg8 40. Nxf8 Rxf8 41. Kg3 a5 42. Kh4 Kg7 43. Kg5 Rc8 44. b3 Rd8 45. b4 Rd4 46. bxa5 Rg4# 0-1

[Event "Titled Tuesday intern op 19th Dec Early"]
[Site "Chess.com INT"]
[Date "2023.12.19"]
[Round "3"]
[White "Caceres Benitez, Arturo Eduardo"]
[Black "Shapiro, Daniel E"]
[Result "1-0"]
[WhiteElo "2172"]
[BlackElo "2284"]
[PlyCount "71"]
[EventDate "2023.12.19"]
[EventType "swiss (blitz)"]
[EventRounds "11"]
[EventCountry "USA"]
[SourceTitle "CB52_2023"]
[SourceDate "2023.12.27"]
[SourceVersion "1"]
[SourceVersionDate "2023.12.27"]
[SourceQuality "1"]

1. b3 e5 2. Bb2 d6 3. e4 Nf6 4. Nc3 Be7 5. Bc4 0-0 6. Nge2 c6 7. f4 d5 8. exd5 cxd5 9. fxe5 dxc4 10. exf6 Bxf6 11. bxc4 Qb6 12. Rb1 Bg4 13. Nd5 Qe6 14. Nxf6+ gxf6 15. h3 Bh5 16. g4 Bg6 17. 0-0 Qxc4 18. Bxf6 Nd7 19. Bc3 Rfe8 20. Nd4 Nc5 21. Rb4 Qd5 22. Nf5 Ne4 23. Nh6+ Kf8 24. Rd4 Qg5 25. Bb4+ Nc5 26. Nxf7 Bxf7 27. Qf3 Re7 28. Rf4 Kg8 29. Rxf7 Rae8 30. Bc3 Ne6 31. Rxe7 Rxe7 32. Kg2 Qg6 33. Qf5 Qxf5 34. gxf5 Nc5 35. f6 Rf7 36. Re1 1-0

[Event "Titled Tuesday intern op 19th Dec Early"]
[Site "Chess.com INT"]
[Date "2023.12.19"]
[Round "6"]
[White "Caceres Benitez, Arturo Eduardo"]
[Black "Timerkhanov, Alexander"]
[Result "0-1"]
[WhiteElo "2172"]
[BlackElo "2308"]
[PlyCount "110"]
[EventDate "2023.12.19"]
[EventType "swiss (blitz)"]
[EventRounds "11"]
[EventCountry "USA"]
[SourceTitle "CB52_2023"]
[SourceDate "2023.12.27"]
[SourceVersion "1"]
[SourceVersionDate "2023.12.27"]
[SourceQuality "1"]

1. Nf3 d5 2. c4 c6 3. b3 Nf6 4. Bb2 g6 5. d3 Bg7 6. g3 0-0 7. Bg2 a5 8. a3 Re8 9. Nbd2 Nbd7 10. Ne5 Nxe5 11. Bxe5 e6 12. 0-0 b6 13. Qc2 Bb7 14. b4 Nd7 15. Bxg7 Kxg7 16. e4 d4 17. f4 c5 18. b5 e5 19. f5 Nf6 20. h3 Nh5 21. Kh2 Qg5 22. g4 Nf4 23. Nf3 Qd8 24. Qd2 g5 25. Rh1 h5 26. Kg3 Rh8 27. Kf2 hxg4 28. hxg4 Qf6 29. Rxh8 Rxh8 30. Rh1 Rxh1 31. Bxh1 Qh6 32. Bg2 f6 33. Qd1 Qh8 34. Kg3 Qa8 35. Ng1 a4 36. Nh3 Qa5 37. Nxf4 gxf4+ 38. Kf3 Kf7 39. Qh1 Qd2 40. Qh7+ Kf8 41. Qh8+ Kf7 42. Qh7+ Kf8 43. Qh6+ Kg8 44. Qg6+ Kf8 45. Qxf6+ Kg8 46. Qd8+ Kh7 47. Qe7+ Kg8 48. Qe6+ Kh7 49. Qf7+ Kh8 50. Qf6+ Kh7 51. Qf7+ Kh8 52. Qe8+ Kh7 53. Qd7+ Kh8 54. Qd8+ Kg7 55. Qh4 Qe3# 0-1

[Event "Titled Tuesday intern op 24th Oct Late"]
[Site "Chess.com INT"]
[Date "2023.10.24"]
[Round "4"]
[White "Caceres Benitez, Arturo Eduardo"]
[Black "Klepikov, Nikita"]
[Result "0-1"]
[WhiteElo "2153"]
[BlackElo "2063"]
[PlyCount "76"]
[EventDate "2023.10.24"]
[EventType "swiss (blitz)"]
[EventRounds "11"]
[EventCountry "USA"]
[SourceTitle "Mega2024 Update 01"]
[Source "Chessbase"]
[SourceDate "2023.11.12"]
[SourceVersion "1"]
[SourceVersionDate "2023.11.12"]
[SourceQuality "1"]

1. d4 Nf6 2. Nf3 g6 3. e3 Bg7 4. b3 0-0 5. Bb2 b6 6. Nbd2 Bb7 7. Bd3 d6 8. 0-0 c5 9. c4 e6 10. e4 cxd4 11. Nxd4 Nbd7 12. Nb5 Nc5 13. Bc2 a6 14. Nc3 Nfxe4 15. Ndxe4 Nxe4 16. Bxe4 Bxe4 17. Nxe4 Bxb2 18. Rb1 d5 19. cxd5 Qxd5 20. Rxb2 Qxe4 21. Qd6 b5 22. Rd2 Rfd8 23. Qxd8+ Rxd8 24. Rxd8+ Kg7 25. Rd2 a5 26. Rfd1 a4 27. bxa4 Qxa4 28. Rb1 e5 29. h3 e4 30. Rb3 f5 31. Rdb2 f4 32. Rxb5 e3 33. Rb7+ Kh6 34. fxe3 fxe3 35. Re7 Qd1+ 36. Kh2 Qd6+ 37. g3 Qxe7 38. Re2 Qe4 0-1

[Event "Titled Tuesday intern op 12th Sep Late"]
[Site "Chess.com INT"]
[Date "2023.09.12"]
[Round "2"]
[White "Caceres Benitez, Arturo Eduardo"]
[Black "Cuenca Jimenez, Jose Fernando"]
[Result "1-0"]
[WhiteElo "2153"]
[BlackElo "2500"]
[PlyCount "131"]
[EventDate "2023.09.12"]
[EventType "swiss (blitz)"]
[EventRounds "11"]
[EventCountry "USA"]
[SourceTitle "EXT 2024"]
[Source "ChessBase"]
[SourceDate "2023.10.10"]
[SourceVersion "1"]
[SourceVersionDate "2023.10.10"]
[SourceQuality "1"]

1. e4 d6 2. Nf3 Nf6 3. Nc3 e5 4. d4 Nbd7 5. Bc4 Be7 6. 0-0 0-0 7. a4 c6 8. h3 b6 9. Re1 a6 10. Bb3 Rb8 11. d5 c5 12. Bc4 Ne8 13. Bf1 Nc7 14. Ne2 g6 15. Bh6 Re8 16. Ng3 Bf8 17. Qd2 Bg7 18. h4 Bxh6 19. Qxh6 Qf6 20. h5 Qg7 21. Qxg7+ Kxg7 22. Nd2 Nf6 23. hxg6 hxg6 24. Reb1 b5 25. axb5 axb5 26. Ra7 Re7 27. b4 c4 28. Rba1 Kf8 29. c3 Nce8 30. R7a5 Reb7 31. Be2 Ke7 32. Ngf1 Bd7 33. Ne3 Nc7 34. f3 Rh8 35. Kf2 Nh5 36. Nef1 Nf4 37. g3 Rh2+ 38. Nxh2 Nh3+ 39. Kg2 Ng5 40. Nhf1 Rb8 41. Ra7 Ne8 42. g4 Nh7 43. Ng3 Kd8 44. R7a5 Ng5 45. Ndf1 Ke7 46. Ne3 Nc7 47. Rh1 Kf6 48. Kf2 Kg7 49. Bf1 Ne8 50. Ne2 Bc8 51. Bg2 Kf6 52. f4 exf4 53. Nxf4 Ke5 54. Ne2 Nf6 55. Ra7 Bxg4 56. Re7+ Be6 57. dxe6 fxe6 58. Nd4 Rf8 59. Ke2 d5 60. exd5 Nxd5 61. Nxd5 Kd6 62. Rg7 exd5 63. Rxg6+ Ke5 64. Rxg5+ Kf4 65. Rf5+ Kg4 66. Rxf8 1-0

[Event "Titled Tuesday intern op 12th Sep Late"]
[Site "Chess.com INT"]
[Date "2023.09.12"]
[Round "5"]
[White "Caceres Benitez, Arturo Eduardo"]
[Black "Kozak, Antoni"]
[Result "0-1"]
[WhiteElo "2153"]
[BlackElo "2427"]
[PlyCount "126"]
[EventDate "2023.09.12"]
[EventType "swiss (blitz)"]
[EventRounds "11"]
[EventCountry "USA"]
[SourceTitle "EXT 2024"]
[Source "ChessBase"]
[SourceDate "2023.10.10"]
[SourceVersion "1"]
[SourceVersionDate "2023.10.10"]
[SourceQuality "1"]

1. e4 g6 2. d4 Bg7 3. Nf3 d6 4. Bd3 Nc6 5. c3 e5 6. d5 Nce7 7. c4 f5 8. Nc3 Nf6 9. 0-0 0-0 10. Ne1 h5 11. exf5 gxf5 12. f4 e4 13. Be2 Qe8 14. Nc2 Bd7 15. Nd4 Rd8 16. Be3 Ng4 17. Bxg4 hxg4 18. Qd2 Qh5 19. Nde2 Kf7 20. Ng3 Qh4 21. Bd4 Rh8 22. Kf2 Bxd4+ 23. Qxd4 a6 24. Qe3 Ng6 25. Nce2 Qf6 26. Rh1 Rh4 27. Qc3 Qxc3 28. bxc3 b6 29. Nf1 Rdh8 30. g3 R4h7 31. Kg2 Kf6 32. Ne3 Bc8 33. Rab1 Nf8 34. Nd4 Rh5 35. a4 a5 36. Nb5 R8h7 37. Na7 Bd7 38. Nb5 Bxb5 39. cxb5 Nd7 40. Ra1 Nc5 41. Kg1 Nb3 42. Rb1 Nd2 43. Rf1 Nf3+ 44. Rxf3 exf3 45. Nc2 Re7 46. Kf1 Re2 47. Nd4 Rhxh2 48. Rxh2 Rxh2 49. Ne6 Rh7 50. Kf2 Re7 51. Nd4 Re4 52. Kf1 Re3 53. c4 Re4 54. Ne6 Rxc4 55. Kf2 Rc2+ 56. Kf1 Rc4 57. Kf2 Rxa4 58. Nxc7 Rb4 59. Ke3 a4 60. Ne8+ Ke7 61. Ng7 a3 62. Nxf5+ Kd7 63. Kd3 a2 0-1

[Event "Titled Tuesday intern op 12th Sep Late"]
[Site "Chess.com INT"]
[Date "2023.09.12"]
[Round "9"]
[White "Kashefi, Amir Hossein"]
[Black "Caceres Benitez, Arturo Eduardo"]
[Result "1-0"]
[WhiteElo "2194"]
[BlackElo "2153"]
[PlyCount "69"]
[EventDate "2023.09.12"]
[EventType "swiss (blitz)"]
[EventRounds "11"]
[EventCountry "USA"]
[SourceTitle "EXT 2024"]
[Source "ChessBase"]
[SourceDate "2023.10.10"]
[SourceVersion "1"]
[SourceVersionDate "2023.10.10"]
[SourceQuality "1"]

1. d4 Nf6 2. Nf3 e6 3. g3 b6 4. Bg2 Bb7 5. 0-0 Be7 6. Bg5 0-0 7. Qd3 h6 8. Bxf6 Bxf6 9. Ng5 hxg5 10. Bxb7 Nc6 11. Bxa8 Qxa8 12. c3 d5 13. Nd2 e5 14. e3 e4 15. Qb5 a6 16. Qb3 Ne7 17. c4 Re8 18. Rac1 Qb7 19. Rc2 g6 20. Rfc1 Kg7 21. a4 Qc8 22. cxd5 Qh3 23. Rxc7 Rh8 24. Nf1 Nf5 25. d6 Rf8 26. Qd5 Qg4 27. d7 Nh4 28. Rc8 Nf3+ 29. Kh1 Bd8 30. Qa8 Rh8 31. Rxd8 Rxh2+ 32. Nxh2 Qh3 33. Rg8+ Kf6 34. d8Q+ Kf5 35. Qac8# 1-0

[Event "World ol U16"]
[Site "Eindhoven"]
[Date "2023.08.18"]
[Round "9.21"]
[White "Hashimoto, Shunji"]
[Black "Caceres Benitez, Arturo Eduardo"]
[Result "0-1"]
[WhiteElo "1789"]
[BlackElo "2153"]
[PlyCount "64"]
[EventDate "2023.08.13"]
[EventType "team-swiss"]
[EventRounds "9"]
[EventCountry "NED"]
[SourceTitle "CBM 215 Extra"]
[Source "ChessBase"]
[SourceDate "2023.09.30"]
[SourceVersion "1"]
[SourceVersionDate "2023.09.30"]
[SourceQuality "1"]
[WhiteTeam "Japan"]
[BlackTeam "Paraguay"]
[WhiteTeamCountry "JPN"]
[BlackTeamCountry "PAR"]

1. d4 Nf6 2. Nf3 e6 3. Bf4 d5 4. e3 Bd6 5. Bg3 c5 6. c3 Qc7 7. Nbd2 Nbd7 8. Bd3 Bxg3 9. hxg3 h6 10. 0-0 0-0 11. e4 cxd4 12. Nxd4 Nc5 13. Qe2 e5 14. N4b3 Nxd3 15. Qxd3 Rd8 16. Qe3 b6 17. Rfe1 a5 18. Rad1 a4 19. Nc1 a3 20. b3 Bb7 21. f3 dxe4 22. Nxe4 Bxe4 23. fxe4 Rxd1 24. Rxd1 Ng4 25. Qe2 Qc5+ 26. Kf1 Ne3+ 27. Ke1 Qxc3+ 28. Qd2 Nxd1 29. Kxd1 Qxg3 30. Nd3 Rd8 31. Kc2 Rd4 32. Qe2 Qg6 0-1

[Event "Titled Tuesday intern op 18th Jul Early"]
[Site "Chess.com INT"]
[Date "2023.07.18"]
[Round "8"]
[White "Caceres Benitez, Arturo Eduardo"]
[Black "Parpiev, Isaak"]
[Result "0-1"]
[WhiteElo "2146"]
[BlackElo "2123"]
[PlyCount "56"]
[EventDate "2023.07.18"]
[EventType "swiss (blitz)"]
[EventRounds "11"]
[EventCountry "USA"]
[SourceTitle "EXT 2024"]
[Source "ChessBase"]
[SourceDate "2023.10.10"]
[SourceVersion "1"]
[SourceVersionDate "2023.10.10"]
[SourceQuality "1"]

1. e4 c6 2. d4 d5 3. e5 Bf5 4. Ke2 e6 5. Nf3 c5 6. c3 Nc6 7. Ke1 Rc8 8. a3 Qb6 9. b4 cxd4 10. cxd4 a5 11. b5 Na7 12. a4 Bc2 13. Qe2 Nh6 14. Bd2 Nf5 15. Be3 Bb4+ 16. Nbd2 0-0 17. g4 Nxe3 18. fxe3 Be4 19. Kf2 Bxd2 20. Nxd2 Bxh1 21. Bh3 Be4 22. g5 Bg6 23. Bg4 Rc2 24. h4 Rfc8 25. h5 Rxd2 26. Qxd2 Rc2 27. Qxc2 Bxc2 28. Ke2 Bxa4 0-1

[Event "Titled Tuesday intern op 18th Jul Early"]
[Site "Chess.com INT"]
[Date "2023.07.18"]
[Round "7"]
[White "Makkar, Rajat"]
[Black "Caceres Benitez, Arturo Eduardo"]
[Result "0-1"]
[WhiteElo "2419"]
[BlackElo "2146"]
[PlyCount "96"]
[EventDate "2023.07.18"]
[EventType "swiss (blitz)"]
[EventRounds "11"]
[EventCountry "USA"]
[SourceTitle "EXT 2024"]
[Source "ChessBase"]
[SourceDate "2023.10.10"]
[SourceVersion "1"]
[SourceVersionDate "2023.10.10"]
[SourceQuality "1"]

1. d4 e6 2. c4 Nf6 3. Nf3 Ke7 4. g3 Ke8 5. Bg2 Be7 6. 0-0 d5 7. Nc3 c6 8. Nd2 h6 9. e4 dxe4 10. Ndxe4 Nbd7 11. Bf4 Nxe4 12. Nxe4 Nf6 13. Re1 Kf8 14. Qc2 Bd7 15. Rad1 Qa5 16. Nxf6 Bxf6 17. d5 Rd8 18. b3 Qc3 19. Qe2 Qb2 20. Rd2 Qc3 21. Bh3 g5 22. Bc7 Re8 23. Rd3 Qb2 24. Qf3 exd5 25. Rxe8+ Bxe8 26. cxd5 cxd5 27. Qxd5 Bc6 28. Qf5 Qa1+ 29. Bf1 Kg7 30. h4 Re8 31. Ba5 Be4 32. Qd7 Bxd3 33. Qxd3 b6 34. Bd2 Qd4 35. Qb5 Re5 36. Qb4 Qxb4 37. Bxb4 gxh4 38. gxh4 Re4 39. Bd2 Rxh4 40. Be2 Rd4 41. Be3 Re4 42. Kg2 Re7 43. Kf3 Bg5 44. Bxg5 hxg5 45. Bd3 Kf6 46. Kg4 Rd7 47. Bc4 Rd4+ 48. Kg3 Kg6 0-1

[Event "PAR-ch U20"]
[Site "Asuncion"]
[Date "2023.06.04"]
[Round "7"]
[White "Allo Collante, Enrique"]
[Black "Caceres Benitez, Arturo Eduardo"]
[Result "1/2-1/2"]
[WhiteElo "1879"]
[BlackElo "2150"]
[PlyCount "126"]
[EventDate "2023.06.02"]
[EventType "swiss"]
[EventRounds "7"]
[EventCountry "PAR"]
[SourceTitle "CBM 214 Extra"]
[Source "ChessBase"]
[SourceDate "2023.07.31"]
[SourceVersion "1"]
[SourceVersionDate "2023.07.31"]
[SourceQuality "1"]

1. c4 e5 2. Nc3 Nf6 3. g3 d5 4. cxd5 Nxd5 5. Bg2 Nb6 6. Nf3 Nc6 7. 0-0 Be7 8. a3 a5 9. d3 0-0 10. Be3 Be6 11. Na4 Nxa4 12. Qxa4 Qd7 13. Qb5 Qd5 14. a4 Qb3 15. Rac1 Rfd8 16. Rc3 Qb4 17. Rfc1 Bd6 18. Bc5 Qxb5 19. axb5 Nb4 20. Bxd6 cxd6 21. Rc7 Nd5 22. R7c2 a4 23. Ng5 Ra5 24. Nxe6 fxe6 25. Rc8 Rxc8 26. Rxc8+ Kf7 27. Bxd5 exd5 28. Rc7+ Ke6 29. Rxb7 h5 30. e4 d4 31. Kf1 g6 32. Ke2 a3 33. bxa3 Rxa3 34. b6 Ra2+ 35. Kf3 Rd2 36. Rb8 Rxd3+ 37. Ke2 Rb3 38. b7 Kd7 39. Rg8 Rxb7 40. Rxg6 Rb2+ 41. Kf3 Rb3+ 42. Ke2 Rb2+ 43. Kf3 d3 44. g4 d2 45. Ke2 d1Q+ 46. Kxd1 Rxf2 47. gxh5 Rxh2 48. h6 Kc6 49. Ke1 Kc5 50. Kf1 Rh4 51. Kf2 Rxe4 52. Kg3 Re1 53. Kh2 Re4 54. Kh3 Re1 55. Rg2 Rh1+ 56. Rh2 Ra1 57. h7 Ra8 58. Kg4 Rh8 59. Kf5 Kc4 60. Ke4 Kc5 61. Rh3 Kc4 62. Rh1 Kc5 63. Rh6 Kc4 1/2-1/2

[Event "Titled Tuesday intern op 28th Mar Late"]
[Site "Chess.com INT"]
[Date "2023.03.28"]
[Round "5"]
[White "Caceres Benitez, Arturo Eduardo"]
[Black "Lisjak, Zlatko"]
[Result "1-0"]
[WhiteElo "2033"]
[BlackElo "2226"]
[PlyCount "95"]
[EventDate "2023.03.28"]
[EventType "swiss (blitz)"]
[EventRounds "11"]
[EventCountry "USA"]
[SourceTitle "EXT 2024"]
[Source "ChessBase"]
[SourceDate "2023.10.10"]
[SourceVersion "1"]
[SourceVersionDate "2023.10.10"]
[SourceQuality "1"]

1. e4 d6 2. d4 Nf6 3. Nc3 c6 4. f4 Qa5 5. Bd3 e5 6. dxe5 dxe5 7. Bd2 Nbd7 8. Nf3 exf4 9. 0-0 Bc5+ 10. Kh1 Ng4 11. Qe2 Be3 12. h3 Qh5 13. Nh2 Nde5 14. Bxe3 fxe3 15. Rf5 Qh4 16. hxg4 Nxg4 17. Qxg4 Qxg4 18. Nxg4 Bxf5 19. exf5 0-0-0 20. Nxe3 Rhe8 21. Ne4 Re5 22. g4 h5 23. Nc4 Red5 24. g5 Kc7 25. Ne3 Re5 26. Rf1 h4 27. Rf4 Rh8 28. Kh2 b6 29. Kh3 c5 30. Ng4 Ree8 31. b3 Kc6 32. a4 Rd8 33. Ne3 Rd4 34. Rxh4 Re8 35. Rf4 a6 36. Kg3 b5 37. axb5+ axb5 38. Kf3 c4 39. bxc4 bxc4 40. Nxc4 Kd5 41. Ncd2 Ke5 42. Nc4+ Kd5 43. Ne3+ Ke5 44. Ng4+ Kd5 45. f6 g6 46. Ke3 Ra4 47. c4+ Kc6 48. Kd4 1-0

[Event "Titled Tuesday intern op 21st Mar Late"]
[Site "Chess.com INT"]
[Date "2023.03.21"]
[Round "8"]
[White "Caceres Benitez, Arturo Eduardo"]
[Black "Einarsson, Halldor Gretar"]
[Result "1-0"]
[WhiteElo "2033"]
[BlackElo "2216"]
[PlyCount "77"]
[EventDate "2023.03.21"]
[EventType "swiss (blitz)"]
[EventRounds "11"]
[EventCountry "USA"]
[SourceTitle "EXT 2024"]
[Source "ChessBase"]
[SourceDate "2023.10.10"]
[SourceVersion "1"]
[SourceVersionDate "2023.10.10"]
[SourceQuality "1"]

1. e4 c5 2. Nf3 Nc6 3. d4 cxd4 4. Nxd4 Nf6 5. Nc3 e5 6. Ndb5 d6 7. Nd5 Nxd5 8. exd5 Nb8 9. c4 a6 10. Nc3 g6 11. Be2 Bg7 12. 0-0 0-0 13. Be3 Nd7 14. Qc2 f5 15. f4 exf4 16. Bxf4 Ne5 17. Rae1 g5 18. Bd2 f4 19. Ne4 Bf5 20. Bc3 Re8 21. Bf3 Rc8 22. b3 b5 23. Qb2 bxc4 24. bxc4 Nxc4 25. Qb3 Ne3 26. Bxg7 Kxg7 27. Qb2+ Kg6 28. Rxe3 fxe3 29. Bh5+ Kxh5 30. Ng3+ Kg6 31. Nxf5 Re5 32. Nd4 e2 33. Qb1+ Kg7 34. Re1 Rb8 35. Qd3 Qa5 36. Rxe2 Qxd5 37. Rxe5 Qxe5 38. Nf5+ Kf6 39. Ne3 1-0